Komparácia inovačnej aktivity podnikov služieb vo vybraných krajinách EÚ
Najdôležitejší indikátor inovačných aktivít - podiel inovatívnych podnikov v ekonomike. Prezentácia výsledkov výskumu v tejto oblasti realizovaného v rámci nových členských krajín EÚ. Najviac inovatívnych podnikov - v Estónsku. Najnižší podiel vykazovaný v Slovinsku a Rumunsku. Percentuálny podiel i...
Salvato in:
| Autore principale: | |
|---|---|
| Natura: | Capitolo di libro |
| Lingua: | slovacco |
| Soggetti: | |
| Tags: |
Nessun Tag, puoi essere il primo ad aggiungerne!!
|
MARC
| LEADER | 00000naa$a2200000$$$4500 | ||
|---|---|---|---|
| 001 | 0074114 | ||
| 005 | 20240502071858.8 | ||
| 041 | 0 | |a slo | |
| 044 | |a SK | ||
| 245 | 1 | 0 | |a Komparácia inovačnej aktivity podnikov služieb vo vybraných krajinách EÚ |c Viera Kubičková |
| 520 | |a Najdôležitejší indikátor inovačných aktivít - podiel inovatívnych podnikov v ekonomike. Prezentácia výsledkov výskumu v tejto oblasti realizovaného v rámci nových členských krajín EÚ. Najviac inovatívnych podnikov - v Estónsku. Najnižší podiel vykazovaný v Slovinsku a Rumunsku. Percentuálny podiel inovatívnych podnikov v krajinách, ktoré sa stali novými členmi EÚ. Spolupráca v inovačných aktivitách. Dôležitosť vybraných informačných zdrojov pre podniky služieb. Výdavky na inovácie. Závery pre Slovenskú republiku. | ||
| 610 | 2 | 0 | |a služby |
| 610 | 2 | 0 | |a firmy |
| 610 | 2 | 0 | |a inovácia |
| 610 | 2 | 0 | |a výdavky |
| 610 | 2 | 0 | |a spolupráca podnikov |
| 610 | 2 | 0 | |a porovnanie medzinárodné |
| 610 | 2 | 0 | |a Európska únia |
| 100 | 1 | |a Kubičková, Viera, 1970- | |